| 000 | 00439nam a2200181Ia 4500 | ||
|---|---|---|---|
| 001 | 25205 | ||
| 005 | 20260414151134.0 | ||
| 008 | 260414t2013||||xx |||||||||||||| ||spa|| | ||
| 041 | _aESP | ||
| 082 |
_a346.46 _bG55 |
||
| 100 |
_aGoans, Judy, _eAUT |
||
| 245 | 0 |
_aPropiedad intelectual : _brincipios y ejercicios |
|
| 260 | _c2013 | ||
| 300 |
_a268 páginas : _c24 cm. |
||
| 650 | _aDER | ||
| 654 | _aCDE | ||
| 942 |
_cLIB _dJUS _fJUS _2ddc _n |
||
| 999 |
_c25205 _d25205 |
||